Business Statistics in Practice (Record no. 3796)

MARC details
005 - DATE AND TIME OF LATEST TRANSACTION
control field 20250613082531.0
020 ## - INTERNATIONAL STANDARD BOOK NUMBER
International Standard Book Number 978-0-07-297747-9
082 ## - DEWEY DECIMAL CLASSIFICATION NUMBER
Classification number 519.5 BOW
100 ## - MAIN ENTRY--PERSONAL NAME
Author name BOWERMAN, L. B
245 ## - TITLE STATEMENT
Title Business Statistics in Practice
250 ## - EDITION STATEMENT
Edition statement 4th Ed
260 ## - PUBLICATION, DISTRIBUTION, ETC.
Place of publication, distribution, etc. Boston
Name of publisher, distributor, etc. McGraw-Hill Irwin
Date of publication, distribution, etc. 2007.
300 ## - PHYSICAL DESCRIPTION
Extent xxi,873p.:ill.;figure
Other physical details Appendix and Index
Dimensions 27 cm
700 ## - ADDED ENTRY--PERSONAL NAME
Other authors/Editors Ricard T. O'Connell
942 ## - ADDED ENTRY ELEMENTS (KOHA)
Source of classification or shelving scheme Dewey Decimal Classification
Koha item type Books
Holdings
Date last seen Total checkouts Full call number Barcode Cost, replacement price Price effective from Koha item type Lost status Source of classification or shelving scheme Damaged status Not for loan Withdrawn status Home library Current library Shelving location Date acquired Source of acquisition Cost, normal purchase price
06/12/2025   519.5 BOW MZA000907 150000.00 06/12/2025 Books   Dewey Decimal Classification       CBE Mwanza CBE Mwanza General Collection 07/01/2007 Library Budget 50000.00
06/12/2025   519.5 BOW MZA000908 150000.00 06/12/2025 Books   Dewey Decimal Classification       CBE Mwanza CBE Mwanza General Collection 07/01/2007 Library Budget 50000.00
06/12/2025   519.5 BOW MZA000909 150000.00 06/12/2025 Books   Dewey Decimal Classification       CBE Mwanza CBE Mwanza General Collection 07/01/2007 Library Budget 50000.00
06/12/2025   519.5 BOW MZA000910 150000.00 06/12/2025 Books   Dewey Decimal Classification       CBE Mwanza CBE Mwanza General Collection 07/01/2007 Library Budget 50000.00